Stochastic modeling and analysis of manufacturing systems
Αποθηκεύτηκε σε:
| Άλλοι συγγραφείς: | |
|---|---|
| Μορφή: | Βιβλίο |
| Γλώσσα: | English |
| Δημοσίευση: |
New York :
Springer-Verlag,
c1994
|
| Σειρά: | Springer series in operations research
|
| Θέματα: | |
| Ετικέτες: |
Προσθήκη ετικέτας
Δεν υπάρχουν, Καταχωρήστε ετικέτα πρώτοι!
|
MARC
| LEADER | 00000nam a2200000 i 4500 | ||
|---|---|---|---|
| 001 | 1/105743 | ||
| 008 | 000417s1994 eng d | ||
| 020 | |a 3-540-94319-6 | ||
| 035 | |l 10059367 | ||
| 040 | |a GR-MY-UA |b gre |e aacr | ||
| 041 | 0 | |a eng | |
| 082 | 0 | |a 658.8015118 | |
| 245 | 1 | 0 | |a Stochastic modeling and analysis of manufacturing systems / |c David D. Yao, editor |
| 260 | |a New York : |b Springer-Verlag, |c c1994 | ||
| 300 | |a xiii, 360 p.; |b ill.; |c 24 cm. | ||
| 490 | 1 | |a Springer series in operations research | |
| 504 | |a Includes bbibliographical references | ||
| 650 | 0 | 0 | |a Production management |x Mathematical models. |
| 650 | 0 | 0 | |a Stochastic analysis. |
| 700 | 1 | |a Yao, David D. |d 1950- |4 edt | |
| 830 | 0 | |a Springer series in operations research | |
| 852 | |a INST |b SAMOS |e 20000417 |h 658.8015118 STO |p 005300017850 |q 005300017850 |t BK |y 0 | ||
| 901 | |a BIBL3-2000-1 | ||
| 909 | |a Σ |b 076946 | ||
| 922 | |a 3ΕΛΗ |b 200003 |c ΚΠΣ |d ΠΑΠΑΣΩΤΗΡΙΟΥ | ||
| 950 | |a 116-2000-01-12 | ||
| 970 | |a ΠΟΥΡΝΑΡΑΣ |b ΔΗΜΗΤΡΗΣ |z 2000/04/17 | ||